Novyĭ obriĭ : alʹmanakh : literatura, mystet︠s︡tvo kulʹturne zhytti︠a︡.

Saved in:
Bibliographic Details
Format: Serial
Language:Ukrainian
Published: Melbourne : Lastivka, 1954-.
Subjects:
LEADER 01157nas a2200289 a 4500
001 c000181365
003 CARM
005 20050315182146.0
008 841206u19549999vra x 0 0ukr d
019 1 |a 3457490  |z 5490977  |5 LACONCORD2021 
035 |a (OCoLC)215178915  |5 LACONCORD2021 
040 |a VSL  |b eng  |c VSL  |d VSL 
042 |a anuc 
082 0 4 |a 891.798308  |2 21 
245 0 0 |a Novyĭ obriĭ :  |b alʹmanakh : literatura, mystet︠s︡tvo kulʹturne zhytti︠a︡. 
246 3 1 |a New horizon: almanac literature, art, cultural life 
260 |a Melbourne :  |b Lastivka,  |c 1954-. 
300 |a v. :  |b ill. ;  |c 21 cm. 
362 0 |a Ch. 1 (1954)- 
546 |a Title in English on added title page: New horizon: almanac literature, art, cultural life. 
650 0 |a Ukrainians  |z Australia  |v Periodicals. 
650 0 |a Ukrainian literature  |z Australia  |v Periodicals. 
852 8 |b CARM  |h A2:AK23B0  |i B05439  |p 0248600  |f SE 
866 0 |a Ch. 7 (1985) 
866 0 |a Ch. 7 (1985) 
999 f f |i f18cb155-6185-5257-8561-7add84803231  |s 6fdfa08c-41e1-591b-8ae1-45e8dff4efd1 
952 f f |p Can circulate  |a CAVAL  |b CAVAL  |c CAVAL  |d CARM 1 Store  |e B05439  |f A2:AK23B0  |h Other scheme  |i book  |k Ch. 7  |m 0248600